La Transición del capitalismo al comunismo /

Salvato in:
Dettagli Bibliografici
Autore principale: Marx, Carlos
Altri autori: Engels, Federico Lafargue, P. Luxemburgo, Rosa Lenin, Vladimir Ilich Trotsky, L. Bujarin, Nicolai I. Gorkin, J.G. comp
Natura: testo
Pubblicazione: Madrid: Akal
Tags: Aggiungi Tag
Nessun Tag, puoi essere il primo ad aggiungerne!!

MARC

LEADER 00000 a a2200000 04500
001 22653
003
040
020 |a 84-7339-336-8  
090 |a 155300  
100 |a Marx, Carlos  
245 |a La Transición del capitalismo al comunismo /  |c Carlos Marx  
260 |a Madrid:   |b Akal  
300 |a 231 p.  
700 |a Engels, Federico   |a Lafargue, P.   |a Luxemburgo, Rosa   |a Lenin, Vladimir Ilich   |a Trotsky, L.   |a Bujarin, Nicolai I.   |a Gorkin, J.G.   |a comp  
999 |c 3461  |d 3461